Logo BPK

Biblioteka

Politechniki Koszalińskiej

Das Dekameron des Giovanni Boccaccio : (Rekord nr 50013)

Szczegóły MARC
000 -ETYKIETA REKORDU
podpole kontrolne o stałej długości 00536nam a2200193 i 4500
001 - NUMER KONTROLNY REKORDU
pole kontrolne bgj
040 ## - ŹRÓDŁO KATALOGOWANIA
Instytucja, która utworzyła rekord BPK
041 0# - KOD JĘZYKA
Kod języka tekstu ger
Kod języka oryginału it
044 ## - KOD KRAJU WYDAWCY/PRODUCENTA
Kod kraju wydawcy/producenta DEU
080 ## - UNIWERSALNA KLASYFIKACJA DZIESIĘTNA - UKD
UKD 850-3
008 - POLE O STAŁEJ DŁUGOŚCI - DANE KONTROLNE
podpole kontrolne o stałej długości s gw f |000 0 ger
100 1# - NAZWA OSOBOWA
Nazwa osobowa BOCCACCIO, Giovanni.
245 10 - TYTUŁ/ODPOWIEDZIALNOŚĆ
Tytuł Das Dekameron des Giovanni Boccaccio :
Ciąg dalszy tytułu Sechster bis Zehnter Tag /
Pozostałe elementy strefy tytułu i oznaczenia odpowiedzialności Giovanni Boccacio.
250 ## - STREFA WYDANIA
Oznaczenie wydania 8. Aufl.
260 ## - STREFA ADRESU WYDAWNICZEGO
Miejsce wydania Berlin ;
-- Weimar :
Nazwa wydawcy/dystrybutora Aufbau-Verlag,
Data publikacji, dystrybucji/powstania dokumentu 1982.
300 ## - STREFA OPISU FIZYCZNEGO
Objętość 575 s. :
Inne cechy fizyczne il. ;
Rozmiary 21 cm.
650 9# - HASŁO PRZEDMIOTOWE W FORMIE NAZWY OGÓLNEJ LUB JEDNOSTKOWEJ
Nazwa ogólna lub geograficzna Opowiadania włoskie
Określnik chronologiczny 14 w.
856 ## - LOKALIZACJA I DOSTĘP DO ELEKTRONICZNYCH DOKUMENTÓW ZDALNYCH
Link (URL) http://koha.tu.koszalin.pl/cgi-bin/koha/opac-detail.pl?biblionumber=50013
Tekst linku Katalog online BPK
942 ## - DODATKOWE ELEMENTY (KOHA)
Typ dokumentu Książka
Egzemplarze
Wycofany Status egzemplarza Uszkodzony Dostępność Lokalizacja stała Lokalizacja bieżąca Miejsce przechowywania Sygnatura Kod kreskowy Typ dokumentu
      Dostępny Biblioteka Politechniki Koszalińskiej Biblioteka Politechniki Koszalińskiej Wypożyczalnia Językowa S 2638 02435800 Książka
© 2023 Biblioteka Politechniki Koszalińskiej :: KOHA